[Event "Portugal Open Semirrapidas"]
[Site "Lisboa POR"]
[Date "2020.02.02"]
[Round "1.1"]
[White "MOTYLEV, Alexander"]
[Black "SANTOS, Pedro Rosa"]
[Result "1-0"]
[BlackElo "1817"]
[WhiteElo "2711"]
[LiveChessVersion "1.4.8"]

1. e4 {[%clk 0:15:07]} e5 {[%clk 0:15:08]} 2. Nf3 {[%clk 0:15:10]} Nc6
{[%clk 0:15:10]} 3. Bb5 {[%clk 0:15:13]} a6 {[%clk 0:15:14]} 4. Ba4
{[%clk 0:15:17]} b5 {[%clk 0:15:17]} 5. Bb3 {[%clk 0:15:21]} Be7 {[%clk 0:15:20]}
6. a4 {[%clk 0:15:09]} b4 {[%clk 0:14:55]} 7. d4 {[%clk 0:15:04]} d6
{[%clk 0:14:11]} 8. dxe5 {[%clk 0:13:34]} Nxe5 {[%clk 0:14:05]} 9. Nxe5
{[%clk 0:13:30]} dxe5 {[%clk 0:14:08]} 10. Qh5 {[%clk 0:13:32]} g6
{[%clk 0:12:14]} 11. Qxe5 {[%clk 0:13:35]} Nf6 {[%clk 0:12:14]} 12. Bh6
{[%clk 0:13:38]} Qd6 {[%clk 0:12:01]} 13. Qxd6 {[%clk 0:13:27]} cxd6
{[%clk 0:12:01]} 14. f3 {[%clk 0:13:17]} Be6 {[%clk 0:12:03]} 15. Nd2
{[%clk 0:13:20]} Rc8 {[%clk 0:11:50]} 16. O-O-O {[%clk 0:13:12]} Nd7
{[%clk 0:11:36]} 17. Bg7 {[%clk 0:12:04]} Rg8 {[%clk 0:11:32]} 18. Bd4
{[%clk 0:12:08]} Nc5 {[%clk 0:10:54]} 19. Bxc5 {[%clk 0:12:11]} dxc5
{[%clk 0:10:58]} 20. Bxe6 {[%clk 0:12:11]} fxe6 {[%clk 0:11:01]} 21. Nc4
{[%clk 0:12:15]} Rc6 {[%clk 0:10:28]} 22. Kb1 {[%clk 0:12:17]} Bf6
{[%clk 0:10:21]} 23. Rd3 {[%clk 0:12:10]} Ke7 {[%clk 0:09:14]} 24. Rhd1
{[%clk 0:12:14]} Bd4 {[%clk 0:09:17]} 25. c3 {[%clk 0:12:10]} Bg7
{[%clk 0:08:51]} 26. Rd7+ {[%clk 0:12:09]} Kf6 {[%clk 0:08:48]} 27. h4
{[%clk 0:12:02]} g5 {[%clk 0:08:20]} 28. h5 {[%clk 0:11:44]} g4 {[%clk 0:06:55]}
29. f4 {[%clk 0:11:48]} Rf8 {[%clk 0:06:25]} 30. Ne5 {[%clk 0:11:34]} 1-0

[Event "Portugal Open Semirrapidas"]
[Site "Lisboa POR"]
[Date "2020.02.02"]
[Round "1.2"]
[White "DIOGO, Pedro"]
[Black "GRIGORYAN, Karen H."]
[Result "0-1"]
[BlackElo "2667"]
[WhiteElo "1814"]
[LiveChessVersion "1.4.8"]

1. e4 e5 2. Nf3 Nc6 3. Nc3 Nf6 4. Bb5 Bb4 5. O-O O-O 6. a3 Ba5 7. d3 d6 8. Bg5
Be6 9. Qd2 h6 10. b4 Bb6 11. Be3 Bxe3 12. Qxe3 Ne7 13. Ne2 c6 14. Ba4 Qc7 15. d4
Ng6 16. dxe5 dxe5 17. Rad1 Rad8 18. Rxd8 Rxd8 0-1

[Event "Portugal Open Semirrapidas"]
[Site "Lisboa POR"]
[Date "2020.02.02"]
[Round "1.3"]
[White "ITURRIZAGA, Eduardo"]
[Black "ROXO, Agostinho"]
[Result "1-0"]
[BlackElo "1810"]
[WhiteElo "2643"]
[LiveChessVersion "1.4.8"]

1. c4 {[%clk 0:15:07]} c5 {[%clk 0:15:04]} 2. Nf3 {[%clk 0:15:10]} Nc6
{[%clk 0:15:04]} 3. d4 {[%clk 0:15:13]} cxd4 {[%clk 0:14:52]} 4. Nxd4
{[%clk 0:15:16]} Nf6 {[%clk 0:14:55]} 5. g3 {[%clk 0:15:18]} e6 {[%clk 0:14:43]}
6. Bg2 {[%clk 0:15:21]} Bc5 {[%clk 0:14:34]} 7. Nb3 {[%clk 0:15:24]} Be7
{[%clk 0:13:59]} 8. Nc3 {[%clk 0:15:26]} O-O {[%clk 0:14:02]} 9. O-O
{[%clk 0:15:29]} a6 {[%clk 0:13:43]} 10. Bf4 {[%clk 0:15:19]} d6 {[%clk 0:13:25]}
11. Qd2 {[%clk 0:15:23]} e5 {[%clk 0:13:13]} 12. Bg5 {[%clk 0:15:11]} Be6
{[%clk 0:13:15]} 13. Bxf6 {[%clk 0:15:04]} Bxf6 {[%clk 0:13:17]} 14. Nd5
{[%clk 0:15:07]} Bxd5 {[%clk 0:12:53]} 15. Bxd5 {[%clk 0:15:10]} Qc7
{[%clk 0:12:47]} 16. e3 {[%clk 0:14:55]} Ne7 {[%clk 0:12:40]} 17. Rac1
{[%clk 0:14:56]} Nxd5 {[%clk 0:12:09]} 18. Qxd5 {[%clk 0:14:56]} b6
{[%clk 0:11:59]} 19. Rfd1 {[%clk 0:14:57]} Rfd8 {[%clk 0:12:02]} 20. Nd2
{[%clk 0:14:55]} Qc5 {[%clk 0:11:29]} 21. Ne4 {[%clk 0:14:30]} Qb4
{[%clk 0:10:57]} 22. Nxf6+ {[%clk 0:14:19]} gxf6 {[%clk 0:11:01]} 23. b3
{[%clk 0:14:23]} Qa3 {[%clk 0:10:25]} 24. Rc2 {[%clk 0:14:25]} Rac8
{[%clk 0:10:22]} 25. Rcd2 {[%clk 0:14:23]} b5 {[%clk 0:09:23]} 26. cxb5
{[%clk 0:14:21]} axb5 {[%clk 0:09:27]} 27. Qxb5 {[%clk 0:14:23]} Rc1
{[%clk 0:09:24]} 28. Qe2 {[%clk 0:14:23]} d5 {[%clk 0:09:09]} 29. Kg2
{[%clk 0:14:19]} Rxd1 {[%clk 0:07:59]} 30. Qxd1 {[%clk 0:14:22]} Qa8
{[%clk 0:07:53]} 31. Qf3 {[%clk 0:14:23]} Kg7 {[%clk 0:07:46]} 32. h4
{[%clk 0:14:26]} Qc6 {[%clk 0:07:25]} 33. Kh2 {[%clk 0:14:08]} Qe6
{[%clk 0:07:27]} 34. a4 {[%clk 0:13:47]} f5 {[%clk 0:07:29]} 35. b4
{[%clk 0:13:44]} Kh8 {[%clk 0:07:20]} 36. b5 {[%clk 0:13:47]} f4 {[%clk 0:07:23]}
37. exf4 {[%clk 0:13:48]} e4 {[%clk 0:07:27]} 38. Qc3+ {[%clk 0:13:51]} Kg8
{[%clk 0:07:16]} 39. a5 {[%clk 0:13:56]} Rc8 {[%clk 0:07:12]} 40. Qe5
{[%clk 0:13:55]} Qxe5 {[%clk 0:05:58]} 41. fxe5 {[%clk 0:13:58]} Rc5
{[%clk 0:06:02]} 42. Rb2 {[%clk 0:14:01]} d4 {[%clk 0:06:06]} 43. b6
{[%clk 0:14:06]} Rc8 {[%clk 0:06:01]} 44. b7 {[%clk 0:14:10]} Rb8
{[%clk 0:06:05]} 45. a6 d3 {[%clk 0:06:09]} 46. a7 {[%clk 0:14:18]} 1-0

[Event "Portugal Open Semirrapidas"]
[Site "Lisboa POR"]
[Date "2020.02.02"]
[Round "1.4"]
[White "BABO, Miguel"]
[Black "ALEKSEEV, Evgeny"]
[Result "0-1"]
[BlackElo "2621"]
[WhiteElo "1804"]
[LiveChessVersion "1.4.8"]

1. d4 {[%clk 0:05:26]} Nf6 {[%clk 0:15:02]} 2. Nf3 {[%clk 0:05:24]} e6
{[%clk 0:15:05]} 3. e3 {[%clk 0:05:28]} c5 {[%clk 0:14:56]} 4. b3
{[%clk 0:05:32]} b6 {[%clk 0:14:26]} 5. Bd3 {[%clk 0:05:35]} Bb7 {[%clk 0:14:29]}
6. Bb2 {[%clk 0:05:39]} Be7 {[%clk 0:14:21]} 7. Nbd2 {[%clk 0:05:42]} Nc6
{[%clk 0:13:49]} 8. O-O {[%clk 0:05:42]} cxd4 {[%clk 0:13:18]} 9. exd4
{[%clk 0:05:46]} Nb4 {[%clk 0:13:06]} 10. Be2 {[%clk 0:05:49]} Rc8
{[%clk 0:13:01]} 11. c4 {[%clk 0:05:44]} d5 {[%clk 0:13:03]} 12. a3
{[%clk 0:05:44]} Nc6 {[%clk 0:13:07]} 13. Rc1 {[%clk 0:04:58]} O-O
{[%clk 0:13:05]} 14. Ne5 {[%clk 0:04:38]} dxc4 {[%clk 0:12:50]} 15. Nxc6
{[%clk 0:04:42]} Bxc6 {[%clk 0:12:43]} 16. bxc4 {[%clk 0:04:28]} Bd6
{[%clk 0:11:37]} 17. Nf3 {[%clk 0:04:25]} Bf4 {[%clk 0:11:33]} 18. Ra1
{[%clk 0:03:47]} Bxf3 {[%clk 0:10:33]} 19. Bxf3 {[%clk 0:03:50]} Rxc4
{[%clk 0:10:35]} 20. g3 {[%clk 0:03:45]} Bd6 {[%clk 0:09:41]} 21. Re1
{[%clk 0:03:23]} Re8 {[%clk 0:08:20]} 22. Rc1 {[%clk 0:03:13]} Rxc1
{[%clk 0:07:40]} 23. Qxc1 {[%clk 0:03:16]} Qb8 {[%clk 0:07:12]} 24. Qg5
{[%clk 0:03:00]} h6 {[%clk 0:07:04]} 25. Qh4 {[%clk 0:02:50]} Qd8
{[%clk 0:06:05]} 26. d5 {[%clk 0:02:42]} Nxd5 {[%clk 0:04:21]} 27. Bxd5
{[%clk 0:02:25]} exd5 {[%clk 0:04:21]} 28. Rxe8+ {[%clk 0:01:54]} Qxe8
{[%clk 0:04:25]} 29. Qd4 {[%clk 0:01:57]} Qe1+ {[%clk 0:04:23]} 30. Kg2
{[%clk 0:01:52]} Qe4+ {[%clk 0:04:22]} 31. f3 {[%clk 0:01:52]} Qxd4
{[%clk 0:04:23]} 32. Bxd4 {[%clk 0:01:56]} Bxa3 {[%clk 0:04:26]} 0-1

[Event "Portugal Open Semirrapidas"]
[Site "Lisboa POR"]
[Date "2020.02.02"]
[Round "1.5"]
[White "GHAMARIAN, Tigran"]
[Black "MARCOS HERRERO, Francisco"]
[Result "1-0"]
[BlackElo "1803"]
[WhiteElo "2597"]
[LiveChessVersion "1.4.8"]

1. e4 {[%clk 0:15:07]} c5 {[%clk 0:15:09]} 2. Nf3 {[%clk 0:15:10]} Nf6
{[%clk 0:15:13]} 3. Bb5 {[%clk 0:15:14]} g6 {[%clk 0:15:15]} 4. O-O
{[%clk 0:15:16]} Bg7 {[%clk 0:15:19]} 5. c3 {[%clk 0:15:16]} Nc6 {[%clk 0:14:28]}
6. Re1 {[%clk 0:15:19]} O-O {[%clk 0:14:27]} 7. d4 {[%clk 0:15:23]} cxd4
{[%clk 0:14:18]} 8. cxd4 {[%clk 0:15:26]} d6 {[%clk 0:14:22]} 9. h3
{[%clk 0:15:28]} Bd7 {[%clk 0:14:04]} 10. Nc3 {[%clk 0:15:30]} a6
{[%clk 0:14:06]} 11. Bf1 {[%clk 0:15:26]} Rc8 {[%clk 0:13:56]} 12. Bg5
{[%clk 0:14:52]} h6 {[%clk 0:13:42]} 13. Be3 {[%clk 0:14:42]} e5 {[%clk 0:12:29]}
14. d5 {[%clk 0:14:37]} Ne7 {[%clk 0:12:31]} 15. Rc1 {[%clk 0:14:33]} Nh7
{[%clk 0:11:40]} 16. Qb3 {[%clk 0:14:24]} b5 {[%clk 0:11:37]} 17. a4
{[%clk 0:14:28]} f5 {[%clk 0:11:23]} 18. axb5 {[%clk 0:14:32]} axb5
{[%clk 0:10:50]} 19. Nxb5 {[%clk 0:14:35]} Bxb5 {[%clk 0:10:48]} 20. Rxc8
{[%clk 0:14:07]} Qxc8 {[%clk 0:10:28]} 21. Qxb5 {[%clk 0:14:04]} fxe4
{[%clk 0:10:20]} 22. Nd2 {[%clk 0:14:07]} Nf6 {[%clk 0:09:48]} 23. Ra1
{[%clk 0:13:01]} Nf5 24. Nc4 {[%clk 0:12:36]} Nd4 {[%clk 0:09:15]} 25. Qa6
{[%clk 0:11:54]} Nxd5 {[%clk 0:08:42]} 26. Qxc8 {[%clk 0:11:06]} Rxc8
{[%clk 0:08:45]} 27. Nxd6 {[%clk 0:11:10]} Rb8 {[%clk 0:08:44]} 28. Bc4
{[%clk 0:11:11]} 1-0

[Event "Portugal Open Semirrapidas"]
[Site "Lisboa POR"]
[Date "2020.02.02"]
[Round "1.6"]
[White "VINAGRE, Pedro"]
[Black "PETROV, Nikita"]
[Result "0-1"]
[BlackElo "2590"]
[WhiteElo "1800"]
[LiveChessVersion "1.4.8"]

1. e4 {[%clk 0:15:08]} c5 {[%clk 0:15:09]} 2. c3 {[%clk 0:15:11]} d5
{[%clk 0:15:12]} 3. exd5 {[%clk 0:15:14]} Nf6 {[%clk 0:15:15]} 4. Nf3
{[%clk 0:15:10]} Nxd5 {[%clk 0:15:18]} 5. d4 {[%clk 0:15:11]} e6 {[%clk 0:15:22]}
6. Bb5+ {[%clk 0:15:08]} Bd7 {[%clk 0:15:25]} 7. Bxd7+ {[%clk 0:14:59]} Nxd7
{[%clk 0:15:28]} 8. O-O {[%clk 0:14:55]} Be7 {[%clk 0:15:05]} 9. Nbd2
{[%clk 0:14:35]} O-O {[%clk 0:14:59]} 10. dxc5 {[%clk 0:14:31]} Nxc5
{[%clk 0:14:58]} 11. Nb3 {[%clk 0:14:30]} Qc7 {[%clk 0:14:51]} 12. Re1
{[%clk 0:14:13]} Rfd8 {[%clk 0:14:52]} 13. Qe2 {[%clk 0:13:05]} h6
{[%clk 0:14:50]} 14. Nxc5 {[%clk 0:12:37]} Bxc5 {[%clk 0:14:53]} 15. a4
{[%clk 0:12:02]} Rac8 {[%clk 0:14:29]} 16. Ne5 {[%clk 0:10:18]} Bd6
{[%clk 0:12:39]} 17. a5 {[%clk 0:09:24]} Nxc3 {[%clk 0:11:51]} 18. bxc3
{[%clk 0:09:04]} Bxe5 {[%clk 0:11:55]} 19. Be3 {[%clk 0:06:47]} Bxh2+
{[%clk 0:11:34]} 20. Kh1 {[%clk 0:06:47]} Bf4 {[%clk 0:11:03]} 21. Bxa7
{[%clk 0:05:41]} Qxc3 {[%clk 0:10:55]} 22. Red1 {[%clk 0:04:01]} Rxd1+
{[%clk 0:10:28]} 23. Qxd1 {[%clk 0:03:57]} Qxa1 {[%clk 0:09:14]} 24. Qxa1
{[%clk 0:04:01]} Rc1+ {[%clk 0:09:17]} 25. Qxc1 {[%clk 0:04:04]} Bxc1
{[%clk 0:09:21]} 26. g3 {[%clk 0:03:57]} Kf8 {[%clk 0:09:09]} 27. Kg2
{[%clk 0:03:30]} Bd2 {[%clk 0:09:08]} 28. Bb6 {[%clk 0:03:16]} Ke7
{[%clk 0:09:06]} 29. Kf3 {[%clk 0:03:20]} Kd6 {[%clk 0:09:02]} 30. Ke4
{[%clk 0:03:20]} Be1 {[%clk 0:08:43]} 31. g4 {[%clk 0:02:54]} g6 {[%clk 0:08:33]}
32. f3 {[%clk 0:02:50]} f5+ {[%clk 0:08:33]} 33. gxf5 {[%clk 0:02:43]} exf5+
{[%clk 0:08:31]} 34. Kd3 {[%clk 0:02:33]} h5 {[%clk 0:08:23]} 35. Ke2
{[%clk 0:02:13]} Bb4 {[%clk 0:08:21]} 36. Bd8 {[%clk 0:02:05]} Kd7
{[%clk 0:07:56]} 37. Bb6 {[%clk 0:02:04]} Kc6 {[%clk 0:07:50]} 38. Bd8
{[%clk 0:02:04]} Kb5 {[%clk 0:07:49]} 39. Kf2 {[%clk 0:01:36]} Bxa5
{[%clk 0:07:49]} 40. Bf6 {[%clk 0:01:27]} Bc7 {[%clk 0:07:51]} 41. Kg2
{[%clk 0:01:19]} Kc4 {[%clk 0:07:52]} 42. Kh3 {[%clk 0:01:21]} b5
{[%clk 0:07:55]} 43. Kh4 {[%clk 0:01:01]} Bf4 {[%clk 0:07:57]} 0-1

[Event "Portugal Open Semirrapidas"]
[Site "Lisboa POR"]
[Date "2020.02.02"]
[Round "1.7"]
[White "INDJIC, Aleksandar"]
[Black "COUNHAGO, Edgar"]
[Result "1-0"]
[BlackElo "1793"]
[WhiteElo "2533"]
[LiveChessVersion "1.4.8"]

1. e4 {[%clk 0:15:06]} g6 {[%clk 0:15:04]} 2. d4 {[%clk 0:15:04]} Bg7
{[%clk 0:15:08]} 3. h4 {[%clk 0:15:05]} h5 {[%clk 0:15:09]} 4. Nc3
{[%clk 0:15:08]} d6 {[%clk 0:15:12]} 5. Be3 {[%clk 0:15:00]} Nf6 {[%clk 0:15:14]}
6. Qd2 {[%clk 0:15:01]} Nbd7 {[%clk 0:15:10]} 7. Nf3 {[%clk 0:14:50]} a6
{[%clk 0:14:47]} 8. e5 {[%clk 0:14:39]} dxe5 {[%clk 0:14:50]} 9. dxe5
{[%clk 0:14:42]} Ng4 {[%clk 0:14:53]} 10. e6 {[%clk 0:14:46]} Nde5
{[%clk 0:12:51]} 11. Qxd8+ {[%clk 0:14:30]} Kxd8 {[%clk 0:12:55]} 12. O-O-O+
{[%clk 0:14:33]} Ke8 {[%clk 0:12:59]} 13. Nd5 {[%clk 0:14:37]} O-O
{[%clk 0:12:12]} 14. Nxc7 {[%clk 0:13:33]} Bxe6 {[%clk 0:11:55]} 15. Nxa8
{[%clk 0:13:31]} Rxa8 {[%clk 0:11:59]} 16. Bd4 {[%clk 0:13:05]} Rd8
{[%clk 0:10:12]} 17. Nxe5 {[%clk 0:13:03]} Bxe5 {[%clk 0:10:06]} 18. Bxe5
{[%clk 0:11:59]} Rxd1+ {[%clk 0:09:59]} 19. Kxd1 {[%clk 0:12:02]} Nxf2+
{[%clk 0:10:02]} 20. Ke1 {[%clk 0:12:06]} Nxh1 {[%clk 0:10:05]} 21. c4
{[%clk 0:11:44]} f6 {[%clk 0:09:51]} 22. Bh2 {[%clk 0:11:12]} g5 {[%clk 0:09:50]}
23. g3 {[%clk 0:11:04]} Kf8 {[%clk 0:05:23]} 24. Bg2 {[%clk 0:10:58]} Nxg3
{[%clk 0:05:25]} 25. Bxg3 {[%clk 0:11:02]} gxh4 {[%clk 0:05:29]} 26. Bxh4
{[%clk 0:11:04]} Bxc4 {[%clk 0:05:29]} 27. b3 {[%clk 0:11:08]} Bb5
{[%clk 0:05:15]} 28. Bxb7 {[%clk 0:11:10]} Ke8 {[%clk 0:05:09]} 29. a4
{[%clk 0:11:09]} Bd7 {[%clk 0:05:10]} 30. Bxa6 {[%clk 0:11:13]} Kd8
{[%clk 0:05:13]} 31. Kd2 {[%clk 0:11:16]} Bc6 {[%clk 0:04:48]} 32. Be2
{[%clk 0:11:17]} Be8 {[%clk 0:04:48]} 33. a5 {[%clk 0:11:20]} Kc7
{[%clk 0:04:52]} 34. b4 {[%clk 0:11:24]} 1-0

[Event "Portugal Open Semirrapidas"]
[Site "Lisboa POR"]
[Date "2020.02.02"]
[Round "1.8"]
[White "CARVALHO, Vitor"]
[Black "JANIK, Igor"]
[Result "0-1"]
[BlackElo "2527"]
[WhiteElo "1786"]
[LiveChessVersion "1.4.8"]

1. e4 {[%clk 0:15:07]} c6 {[%clk 0:15:09]} 2. d4 {[%clk 0:15:10]} d5
{[%clk 0:15:13]} 3. Nc3 {[%clk 0:15:14]} dxe4 {[%clk 0:15:17]} 4. Nxe4
{[%clk 0:15:17]} Bf5 {[%clk 0:15:21]} 5. Ng3 {[%clk 0:15:20]} Bg6
{[%clk 0:15:24]} 6. h4 {[%clk 0:15:24]} h6 {[%clk 0:15:28]} 7. Nf3
{[%clk 0:15:26]} e6 {[%clk 0:15:32]} 8. h5 {[%clk 0:15:29]} Bh7 {[%clk 0:15:36]}
9. Bd3 {[%clk 0:15:32]} Bxd3 {[%clk 0:15:39]} 10. Qxd3 {[%clk 0:15:35]} Nf6
{[%clk 0:15:43]} 11. Bd2 {[%clk 0:15:28]} c5 {[%clk 0:15:46]} 12. O-O-O
{[%clk 0:15:04]} Nc6 {[%clk 0:15:50]} 13. Bc3 {[%clk 0:13:05]} Qd5
{[%clk 0:15:54]} 14. Kb1 {[%clk 0:12:47]} c4 {[%clk 0:15:58]} 15. Qe2
{[%clk 0:12:18]} b5 {[%clk 0:16:01]} 16. Ne5 {[%clk 0:11:50]} b4 {[%clk 0:15:57]}
17. Be1 {[%clk 0:11:07]} c3 {[%clk 0:15:50]} 18. Nxc6 {[%clk 0:10:47]} Qxc6
{[%clk 0:15:53]} 19. b3 {[%clk 0:10:28]} Be7 {[%clk 0:15:51]} 20. f3
{[%clk 0:10:12]} O-O {[%clk 0:15:45]} 21. Ne4 {[%clk 0:10:13]} Nd5
{[%clk 0:15:49]} 22. g4 {[%clk 0:09:37]} a5 {[%clk 0:15:53]} 23. g5
{[%clk 0:09:31]} Bxg5 {[%clk 0:15:54]} 24. Nxg5 {[%clk 0:09:30]} hxg5
{[%clk 0:15:58]} 25. h6 {[%clk 0:09:12]} g6 {[%clk 0:16:02]} 26. h7+
{[%clk 0:08:44]} Kh8 {[%clk 0:15:51]} 27. Qe5+ {[%clk 0:08:40]} f6
{[%clk 0:15:55]} 28. Qe4 {[%clk 0:08:33]} a4 {[%clk 0:15:47]} 29. Rc1
{[%clk 0:07:40]} Qa6 {[%clk 0:14:44]} 30. Rh2 {[%clk 0:07:03]} axb3
{[%clk 0:14:47]} 31. cxb3 {[%clk 0:06:58]} Nf4 {[%clk 0:14:51]} 32. Bg3
{[%clk 0:05:39]} Nd3 {[%clk 0:14:53]} 33. Rcc2 {[%clk 0:05:24]} Nb2
{[%clk 0:14:56]} 34. Rxb2 {[%clk 0:05:22]} cxb2 {[%clk 0:14:58]} 35. Rxb2
{[%clk 0:05:19]} Qf1+ {[%clk 0:15:02]} 36. Be1 {[%clk 0:05:06]} Rac8
{[%clk 0:14:55]} 37. Rc2 {[%clk 0:04:45]} Rxc2 {[%clk 0:14:50]} 38. Kxc2
{[%clk 0:04:48]} Qa6 {[%clk 0:14:41]} 39. Kb1 {[%clk 0:04:34]} Kxh7
{[%clk 0:14:36]} 40. Bxb4 {[%clk 0:04:30]} Rc8 {[%clk 0:14:39]} 41. Bd2
{[%clk 0:04:07]} Kg7 {[%clk 0:14:36]} 42. d5 {[%clk 0:03:51]} Rd8
{[%clk 0:14:29]} 43. Qb4 {[%clk 0:02:54]} Qd3+ {[%clk 0:14:16]} 44. Kb2
{[%clk 0:02:43]} Rd7 {[%clk 0:14:03]} 45. Bc3 {[%clk 0:02:14]} Qxd5
{[%clk 0:14:05]} 46. a4 {[%clk 0:02:09]} Qxf3 {[%clk 0:14:07]} 47. Qb5
{[%clk 0:01:47]} Rf7 {[%clk 0:13:57]} 48. Qc4 {[%clk 0:01:40]} e5
{[%clk 0:13:52]} 49. a5 {[%clk 0:01:42]} g4 {[%clk 0:13:54]} 50. Bb4
{[%clk 0:00:55]} g3 {[%clk 0:13:55]} 51. Bc5 {[%clk 0:00:57]} g2 {[%clk 0:13:53]}
52. Qc1 {[%clk 0:00:52]} Rb7 {[%clk 0:13:44]} 53. b4 {[%clk 0:00:36]} Qf1
{[%clk 0:13:35]} 54. a6 {[%clk 0:00:11]} Rxb4+ {[%clk 0:13:32]} 0-1

[Event "Portugal Open Semirrapidas"]
[Site "Lisboa POR"]
[Date "2020.02.02"]
[Round "1.9"]
[White "TEN HERTOG, Hugo"]
[Black "CARDOSO, Miguel Sanchez"]
[Result "1-0"]
[BlackElo "1781"]
[WhiteElo "2506"]
[LiveChessVersion "1.4.8"]

1. e4 {[%clk 0:15:07]} c5 {[%clk 0:15:08]} 2. Nf3 {[%clk 0:15:10]} d6
{[%clk 0:15:12]} 3. d4 {[%clk 0:15:13]} cxd4 {[%clk 0:15:16]} 4. Nxd4
{[%clk 0:15:17]} a6 {[%clk 0:15:20]} 5. Nc3 {[%clk 0:15:16]} Nf6 {[%clk 0:15:24]}
6. h3 {[%clk 0:15:18]} Nc6 {[%clk 0:15:23]} 7. g4 {[%clk 0:14:59]} Qb6
{[%clk 0:15:13]} 8. Nb3 {[%clk 0:14:59]} e6 {[%clk 0:14:33]} 9. Be3
{[%clk 0:14:56]} Qc7 {[%clk 0:14:34]} 10. g5 {[%clk 0:14:36]} Nd7
{[%clk 0:14:26]} 11. f4 {[%clk 0:14:36]} Be7 {[%clk 0:14:21]} 12. h4
{[%clk 0:14:07]} b5 {[%clk 0:13:42]} 13. Qf3 {[%clk 0:13:56]} Bb7
{[%clk 0:13:42]} 14. O-O-O {[%clk 0:13:55]} Nc5 {[%clk 0:13:33]} 15. Nxc5
{[%clk 0:13:24]} dxc5 {[%clk 0:13:36]} 16. h5 {[%clk 0:13:20]} Nd4
{[%clk 0:13:05]} 17. Rxd4 {[%clk 0:11:59]} cxd4 {[%clk 0:12:58]} 18. Bxd4
{[%clk 0:12:03]} Bd6 {[%clk 0:09:51]} 19. Bxg7 {[%clk 0:09:10]} Bxf4+
{[%clk 0:09:50]} 20. Kb1 {[%clk 0:09:13]} Rg8 {[%clk 0:09:40]} 21. Nxb5
{[%clk 0:06:21]} axb5 {[%clk 0:08:53]} 22. Bxb5+ {[%clk 0:06:23]} Bc6
{[%clk 0:08:57]} 23. e5 {[%clk 0:01:42]} Rc8 {[%clk 0:08:39]} 24. Bf6
{[%clk 0:00:36]} Bxb5 {[%clk 0:08:30]} 25. Qxf4 {[%clk 0:00:40]} Qxc2+
{[%clk 0:08:22]} 26. Ka1 {[%clk 0:00:44]} Qc4 {[%clk 0:00:27]} 27. Qe3
{[%clk 0:00:32]} Bd7 {[%clk 0:15:05]} 1-0

[Event "Portugal Open Semirrapidas"]
[Site "Lisboa POR"]
[Date "2020.02.02"]
[Round "1.10"]
[White "BORNAND, Herbert"]
[Black "STACHOWIAK, Kamil"]
[Result "0-1"]
[BlackElo "2500"]
[WhiteElo "1770"]
[LiveChessVersion "1.4.8"]

1. d4 {[%clk 0:15:09]} Nf6 {[%clk 0:15:08]} 2. Nc3 {[%clk 0:15:10]} d5
{[%clk 0:15:09]} 3. Bg5 {[%clk 0:15:13]} Nbd7 {[%clk 0:15:08]} 4. Nf3
{[%clk 0:15:14]} b6 {[%clk 0:15:03]} 5. Ne5 {[%clk 0:14:57]} Bb7 {[%clk 0:15:04]}
6. e3 {[%clk 0:14:47]} a6 {[%clk 0:15:08]} 7. Be2 {[%clk 0:14:43]} e6
{[%clk 0:14:55]} 8. O-O {[%clk 0:14:19]} Be7 {[%clk 0:14:57]} 9. f4
{[%clk 0:13:53]} O-O {[%clk 0:14:51]} 10. Rf3 {[%clk 0:13:19]} c5
{[%clk 0:13:56]} 11. Nxd7 {[%clk 0:12:30]} Qxd7 {[%clk 0:13:43]} 12. Bd3
{[%clk 0:12:01]} cxd4 {[%clk 0:13:43]} 13. exd4 {[%clk 0:11:57]} Ne4
{[%clk 0:13:46]} 14. Rh3 {[%clk 0:10:39]} g6 {[%clk 0:12:51]} 15. Ne2
{[%clk 0:05:49]} Nxg5 {[%clk 0:12:32]} 16. fxg5 {[%clk 0:05:48]} Bxg5
{[%clk 0:12:34]} 17. Ng3 {[%clk 0:05:46]} f5 {[%clk 0:12:16]} 18. Qe2
{[%clk 0:04:18]} b5 {[%clk 0:11:54]} 19. Re1 {[%clk 0:04:02]} Rae8
{[%clk 0:11:57]} 20. Nh5 {[%clk 0:03:07]} Qe7 {[%clk 0:09:48]} 21. Ng3
{[%clk 0:02:23]} Bf6 {[%clk 0:09:22]} 22. c3 {[%clk 0:02:25]} Bc8
{[%clk 0:08:29]} 23. Nf1 {[%clk 0:02:05]} Qd6 {[%clk 0:08:20]} 24. Nd2
{[%clk 0:01:15]} e5 {[%clk 0:08:21]} 0-1

[Event "Portugal Open Semirrapidas"]
[Site "Lisboa POR"]
[Date "2020.02.02"]
[Round "1.12"]
[White "BASÍLIO, Rodrigo"]
[Black "JARACZ, Pawel"]
[Result "0-1"]
[BlackElo "2434"]
[WhiteElo "1749"]
[LiveChessVersion "1.4.8"]

1. e4 {[%clk 0:15:07]} c5 {[%clk 0:15:09]} 2. Nf3 {[%clk 0:15:10]} e6
{[%clk 0:15:13]} 3. d4 {[%clk 0:15:13]} cxd4 {[%clk 0:15:17]} 4. Nxd4
{[%clk 0:15:17]} a6 {[%clk 0:15:18]} 5. Nc3 {[%clk 0:15:17]} Nf6 {[%clk 0:15:16]}
6. Be3 {[%clk 0:15:09]} d6 {[%clk 0:15:19]} 7. Bd3 {[%clk 0:15:09]} b5
{[%clk 0:15:23]} 8. O-O {[%clk 0:15:08]} Bb7 {[%clk 0:15:27]} 9. Nde2
{[%clk 0:14:05]} Nbd7 {[%clk 0:15:17]} 10. a3 {[%clk 0:14:05]} Qc7
{[%clk 0:15:17]} 11. f3 {[%clk 0:12:14]} Be7 {[%clk 0:15:10]} 12. Nf4
{[%clk 0:11:36]} O-O {[%clk 0:15:03]} 13. Qe1 {[%clk 0:11:26]} Nb6
{[%clk 0:14:54]} 14. Rd1 {[%clk 0:10:10]} Rac8 {[%clk 0:14:44]} 15. g4
{[%clk 0:08:41]} Nfd7 {[%clk 0:14:35]} 16. Nh5 {[%clk 0:08:10]} Ne5
{[%clk 0:14:26]} 17. Qg3 {[%clk 0:06:16]} Nbc4 {[%clk 0:14:26]} 18. Bc1
{[%clk 0:06:18]} Nxa3 {[%clk 0:14:13]} 19. f4 {[%clk 0:05:55]} Nxd3
{[%clk 0:14:15]} 20. cxd3 {[%clk 0:04:41]} Nc2 {[%clk 0:14:08]} 21. g5
{[%clk 0:04:38]} Kh8 {[%clk 0:14:07]} 22. f5 {[%clk 0:03:35]} exf5
{[%clk 0:13:56]} 23. exf5 {[%clk 0:03:05]} Nd4 {[%clk 0:13:02]} 24. f6
{[%clk 0:01:05]} gxf6 {[%clk 0:13:03]} 25. Nxf6 {[%clk 0:01:05]} Bxf6
{[%clk 0:11:20]} 26. Rxf6 {[%clk 0:01:06]} b4 {[%clk 0:10:03]} 27. Rxd6
{[%clk 0:00:32]} Nf3+ {[%clk 0:09:21]} 28. Kf1 {[%clk 0:00:23]} bxc3
{[%clk 0:09:21]} 29. Bf4 {[%clk 0:00:16]} c2 {[%clk 0:09:06]} 30. Rc1
{[%clk 0:00:16]} Qc5 {[%clk 0:08:48]} 31. d4 {[%clk 0:00:19]} Qf5
{[%clk 0:08:39]} 32. Rf6 {[%clk 0:00:11]} Qd3+ {[%clk 0:08:41]} 33. Kf2
{[%clk 0:00:15]} Rce8 {[%clk 0:08:14]} 34. Be5 {[%clk 0:00:07]} Nxe5
{[%clk 0:07:58]} 35. dxe5 {[%clk 0:00:09]} Qd2+ {[%clk 0:08:01]} 0-1